| 000 | 00673nam a22001937a 4500 | ||
|---|---|---|---|
| 003 | 0 | ||
| 005 | 20250114121708.0 | ||
| 008 | 160722b xxu||||| |||| 00| 0 eng d | ||
| 050 |
_aPHS GV 346.5 _b.V481 2015 |
||
| 100 | _aVerceles, Pretty C. | ||
| 245 |
_aVarsity players' sports activities and their emotional stress _cPretty C. Vercels |
||
| 260 |
_aLas PiƱas, Philippines : _bSouthville International School and Colleges, _c2015. |
||
| 300 |
_a30 p. : _bill. ; _c28 cm. |
||
| 504 | _aIncludes bibliographical references. | ||
| 650 |
_aAthletes _vPsychology. |
||
| 650 |
_aSports _vPsychological aspects. |
||
| 650 |
_aEmotional stress _vAthletes. |
||
| 942 |
_2lcc _cPASS |
||
| 999 |
_c297881 _d297881 |
||